Suomen maakuntien maakuntakeskukset - Statistics

Yleistilastot
  • Tätä visaa on pelattu 2 882 kertaa
    2 712 viimeisimmän päivityksen jälkeen
  • Keskiarvotulos 16 / 19
Vastaustilastot
Maakunta Kaupunki % Oikein
Ahvenanmaa Maarianhamina
97%
Uusimaa Helsinki
94%
Lappi Rovaniemi
94%
Pirkanmaa Tampere
91%
Varsinais-Suomi Turku
89%
Keski-Suomi Jyväskylä
88%
Pohjois-Pohjanmaa Oulu
88%
Etelä-Karjala Lappeenranta
87%
Kainuu Kajaani
86%
Kanta-Häme Hämeenlinna
84%
Pohjois-Savo Kuopio
84%
Pohjois-Karjala Joensuu
83%
Kymenlaakso Kotka / Kouvola
83%
Satakunta Pori
83%
Pohjanmaa Vaasa
83%
Päijät-Häme Lahti
81%
Etelä-Pohjanmaa Seinäjoki
81%
Etelä-Savo Mikkeli
80%
Keski-Pohjanmaa Kokkola
75%
Ehtoja vastaavia visoja ei löytynyt
Tulosjakauma
Jokaisen tuloksen saaneiden osuus
Persentiili vastausten määrän mukaan
Tuloshistoriasi
Et ole pelannut tätä visaa sen viimeisimmän päivityksen jälkeen